| 000 | 00549nam a2200193 4500 | ||
|---|---|---|---|
| 001 | 15398 | ||
| 005 | 20230410123921.0 | ||
| 008 | 060907n1997 dr spa | ||
| 020 | _a9681650727 | ||
| 035 | _9funglode15525 | ||
| 041 | _aES | ||
| 050 | 1 | 4 | _aLA 424 S985c 1997 |
| 100 | _aSchmelkes, Sylvia | ||
| 245 | 1 | 3 |
_aLa calidad en la educación primaria : _bun estudio de caso / _cSylvia Schmelkes [e.al.] |
| 260 |
_aMéxico : _bFondo de Cultura Económica, _c1997 |
||
| 300 | _a170 p. | ||
| 700 | _aNoriaga, Carmen | ||
| 942 |
_2lcc _cbk |
||
| 999 |
_c68185 _d68185 |
||